000 00683nam a2200181Ia 4500
008 100920s9999 xx 000 0 und d
082 _b100900
_a891.43 न 03
100 _aलोहनी नविनचंद्र.
245 _aपाँच लाख का हिन्दी मास्टर.
260 _bभावना प्रकाशन,दिल्ली.
_c2003
300 _a79
_bसाधी
365 _b80
520 _aहिंदी.
630 _aपाँच लाख का हिन्दी मास्टर.
650 _aहिंदी.
730 _aपाँच लाख का हिन्दी मास्टर.
942 _cBOOK
999 _c741337
_d741334